Požiarna ochrana. STN 92 0002. ISO 8421-1 : Slovník. Časť 1: Všeobecné požiarne termíny a javy. November 1999
Gespeichert in:
| Format: | Buch |
|---|---|
| Sprache: | Slowakisch |
| Veröffentlicht: |
Bratislava :
Slovenský ústav technickej normalizácie,
1999
|
| Schlagworte: | |
| Tags: |
Keine Tags, Fügen Sie das erste Tag hinzu!
|
MARC
| LEADER | 00000nam a22000003a 4500 | ||
|---|---|---|---|
| 001 | stu93047 | ||
| 005 | 20150408161026.3 | ||
| 008 | 050302s1999----xo------------------slo-d | ||
| 040 | |a STU |b slo | ||
| 041 | 0 | |a slo | |
| 044 | |a xo | ||
| 080 | |a 614.84 | ||
| 245 | |a Požiarna ochrana. STN 92 0002. ISO 8421-1 : |b Slovník. Časť 1: Všeobecné požiarne termíny a javy. November 1999 | ||
| 260 | |a Bratislava : |b Slovenský ústav technickej normalizácie, |c 1999 | ||
| 300 | |a 20 s | ||
| 650 | 7 | |a požiarna ochrana |2 stusub | |
| 996 | |b 284M038097 |c M*N-1093-1 |l MMKN |s A |a 24 |w stu93047_0001 | ||